Clips de Katy Perry en image - Statistiques

Statistiques générales
  • Ce quiz a été pris 398 fois
  • Le résultat moyen est 8 sur 12
Statistiques - réponses
Par images Réponse % Correct
Roar
98%
Firework
92%
Dark Horse
81%
Bon Appétit
80%
Last Friday Night (T.G.I.F)
80%
California Gurls
79%
Hot N Cold
79%
Part of Me
62%
Chained to the Rhythm
49%
Smile
30%
Hey Hey Hey
24%
Thinking of You
17%
Aucun quiz correspondant
Distribution des résultats
% des personnes avec chaque résultat
Percentile par nombre de réponses
Votre historique - résultats
Vous n’avez pas pris ce quiz